| 000 | 01196cam a2200277 4500 | ||
|---|---|---|---|
| 008 | 090401t1998 xxu||||| |||| 00| 0 eng d | ||
| 020 | _a1859460402 | ||
| 035 | _a(Sirsi) u91205 | ||
| 041 | _aeng | ||
| 050 | _a347.4107 | ||
| 100 | _aLupton, Sarah | ||
| 245 | _aArchitect`s guide to adjudication : the Housing Grants, Construction and Regeneration Act 1996. | ||
| 260 |
_aLondon _bRIBA Publications _c1998 |
||
| 300 | _a158p. ; 23cm. | ||
| 350 | _a20 | ||
| 520 | _aThe authors examines the nature of adjudication and the background to the Construction Act and compares adjudication provisions under the Scheme for Construction Contracts, the CIC model procedure and the JCT standard forms. | ||
| 650 | _aCIC MODEL ADJUDICATION PROCEDURE | ||
| 650 | _aHOUSING GRANTS, CONSTRUCTION AND REGENERATION ACT 1996 | ||
| 650 | _aBUILT ENVIRONMENT-BUILDING CONTRACT FORMS | ||
| 650 | _aHOUSING GRANTS CONSTRUCTION AND REGENERATION ACT 1996 | ||
| 650 | _aJCT ADJUDICATION AGREEMENTS | ||
| 650 | _aSCHEME FOR CONSTRUCTION CONTRACTS | ||
| 690 | _aMANAGEMENT-DISPUTE AVOIDANCE, MANAGEMENT AND RESOLUTION-DISPUTE MANAGEMENT AND RESOLUTION-ARBITRATION | ||
| 942 | _n0 | ||
| 948 | _c10/02/1999 | ||
| 999 |
_c97622 _d97622 |
||